000 00330nam a22001337a 4500
008 181218b xxu||||| |||| 00| 0 eng d
020 _a087964903
041 _aeng
080 _a371
100 _a46
101 _aEDU
245 _aTaking Sides: Clashing Views on Controversial Bio-Ethical Issues
_cLevine,C
942 _2udc
_cBK
999 _c53475
_d53475